The murder of Nikolai Vavilov : the story of Stalin's persecution of one of the great scientists of the twentieth century /
Guardado en:
| Autor Principal: | |
|---|---|
| Formato: | Libro |
| Idioma: | English |
| Publicado: |
New York :
Simon & Schuster,
2008.
|
| Edición: | 1st Simon & Schuster hardcover ed. |
| Materias: | |
| Acceso en línea: | Tabla de contenidos |
| Etiquetas: |
Agregar Etiqueta
Sin Etiquetas, Sea el primero en etiquetar este registro!
|
| LEADER | 01284cam a2200337 a 4500 | ||
|---|---|---|---|
| 001 | EEA.libagro010217 | ||
| 005 | 20170926122453.0 | ||
| 008 | 080125s2008####nyua#####b####001#0beng## | ||
| 010 | |a 2008003510 | ||
| 016 | 7 | |a 101464656 |2 DNLM | |
| 020 | |a 0743264983 | ||
| 040 | |a DNLM/DLC |c DLC |d NLM |d BAKER |d BTCTA |d YDXCP |d C#P |d DLC | ||
| 043 | |a e-ur--- | ||
| 050 | 0 | 0 | |a SB63.V38 |b P35 2008 |
| 060 | |a WZ 100 |b P9567m 2008 | ||
| 082 | 0 | 0 | |a 925.7 |
| 100 | 1 | |a Pringle, Peter. | |
| 245 | 1 | 4 | |a The murder of Nikolai Vavilov : |b the story of Stalin's persecution of one of the great scientists of the twentieth century / |c Peter Pringle. |
| 250 | |a 1st Simon & Schuster hardcover ed. | ||
| 260 | |a New York : |b Simon & Schuster, |c 2008. | ||
| 300 | |a xii, 370 p. : |b il. ; |c 25 cm. | ||
| 504 | |a Incluye referencias bibliográficas e índice. | ||
| 600 | 1 | 0 | |a Vavilov, N. I. |q (Nikolai Ivanovich), |d 1887-1943. |
| 600 | 1 | 0 | |a Stalin, Joseph, |d 1879-1953. |
| 650 | 0 | |a Científico |z URSS |v Biografía | |
| 650 | 0 | |a Violencia política |z URSS | |
| 650 | 0 | |a Represión política |z URSS | |
| 650 | 2 | 2 | |a Comunismo |x Historia |z Rusia |
| 650 | 2 | 2 | |a Historia |z Rusia |
| 856 | |u http://catdir.loc.gov/catdir/toc/ecip089/2008003510.html |3 Tabla de contenidos | ||
| 859 | |a AR-BbBCA |b BIB. AGRONOMIA |h 925.7 |i P957 |p 2010/5793 | ||
